Communist Parties in European Parliament - Statistics

General Stats
  • This quiz has been taken 16 times
  • The average score is 4 of 5
Answer Stats
MEPs Party % Correct
2 Communist Party of Greece
94%
1 Portuguese Communist Party
88%
2 Workers' Party of Belgium
75%
1 Communist Party of Bohemia and Moravia
69%
1 Progressive Party of Working People
69%
No matching quizzes found
Score Distribution
Percent of People with Each Score
Percentile by Number Answered
Your Score History
You have not taken this quiz